After Hegemony Cooperation and Discord in the World Political Economy

Saved in:
Bibliographic Details
Main Author: Keohane, Robert O.
Format: Book
Language:English
Published: Princeton University Press 1984
Edition:1. ed.
Tags: Add Tag
No Tags, Be the first to tag this record!

MARC

LEADER 00000nam a2200000 4500
001 c032968
005 20221220084711.8
041 0 |a eng 
044 |a US 
245 1 0 |a After Hegemony  |b Cooperation and Discord in the World Political Economy  |c Robert O. Keohane 
250 |a 1. ed. 
264 1 |a Princeton  |b University Press  |c 1984 
300 |a 290 s. 
100 1 |a Keohane, Robert O.